National Assembly Library of Thailand

50 ปี ความสัมพันธ์ไทย-จีน พ.ศ. 2518-2568 / (ระเบียนเลขที่ 107006)

รายละเอียดในรูปแบบ MARC
000 -LEADER
fixed length control field 03746nam a2200277 4500
003 - CONTROL NUMBER IDENTIFIER
control field NALT
005 - DATE AND TIME OF LATEST TRANSACTION
control field 20250725101238.0
008 - FIXED-LENGTH DATA ELEMENTS--GENERAL INFORMATION
fixed length control field 250722b th ||||| |||| 00| 0 tha d
020 ## - INTERNATIONAL STANDARD BOOK NUMBER
International Standard Book Number 9786164733619
040 ## - CATALOGING SOURCE
Original cataloging agency NALT
050 ## - LIBRARY OF CONGRESS CALL NUMBER
Classification number DS 575.5.C6
Item number ห551 2563
245 00 - TITLE STATEMENT
Title 50 ปี ความสัมพันธ์ไทย-จีน พ.ศ. 2518-2568 /
Statement of responsibility, etc. บรรณาธิการบริหาร ฟู่ เจิงโหย่ว, หลี่ เหรินเหลียง.
250 ## - EDITION STATEMENT
Edition statement พิมพ์ครั้งที่ 1.
260 ## - PUBLICATION, DISTRIBUTION, ETC.
Place of publication, distribution, etc. สมุทรสาคร :
Name of publisher, distributor, etc. ห้องสมุดดอตคอม,
Date of publication, distribution, etc. 2568.
300 ## - PHYSICAL DESCRIPTION
Extent 292 หน้า :
Other physical details ภาพประกอบ, ตาราง, แผนภูมิ ;
Dimensions 29 ซม.
505 2# - FORMATTED CONTENTS NOTE
Formatted contents note บทที่ 1 การเมืองและความมั่นคง -- ความสัมพันธ์จีน-ไทย: มิตรภาพที่มีมายาวนาน -- ความสัมพันธ์จีน-ไทย: ห้าทศวรรษแห่งสายใยมิตรภาพ ร่วมฝ่าอุปสรรคสู่อนาคต -- อิทธิพลและบทบาทของราชวงศ์ไทยต่อการพัฒนาความสัมพันธ์จีน-ไทย -- ความร่วมมือด้านความมั่นคงและการเป็นหุ้นส่วนทางยุทธศาสตร์ระหว่างไทยกับจีน -- การเชื่อมโยงโครงสร้างพื้นฐาน --<br/>บทที่ 2 เศรษฐกิจการค้าการลงทุน -- การค้ารุ่งเรือง จีน-ไทยได้ประโยชน์ร่วมกัน -- การลงทุนจีน-ไทย: ร่วมสร้างอนาคต ก้าวสู่ความสำเร็จร่วมกัน -- ความร่วมมือทางการเงินระหว่างจีน-ไทย -- 50 ปีแห่งการแลกเปลี่ยนทางวัฒนธรรมไทย-จีน: การพัฒนาและลักษณะเฉพาะ -- บทที่ 3 สังคมวัฒนธรรม -- ความร่วมมือด้านวิทยาศาสตร์และเทคโนโลยีระหว่างจีนไทย -- ความร่วมมือด้านสาธารณสุขจีน-ไทย -- 50 ปีพัฒนาการความร่วมมือด้านการท่องเที่ยวไทย-จีน -- ความร่วมมือด้านกีฬาระหว่างจีนและไทย -- ความร่วมมือและแลกเปลี่ยนผลงานภาพยนต์และละครโทรทัศน์จีน-ไทย -- ส่งเสริมความเข้าใจระหว่างประชาชน.
651 #4 - SUBJECT ADDED ENTRY--GEOGRAPHIC NAME
Geographic name ไทย
General subdivision ความสัมพันธ์กับต่างประเทศ
Geographic subdivision จีน
9 (RLIN) 5864
651 #4 - SUBJECT ADDED ENTRY--GEOGRAPHIC NAME
Geographic name จีน
General subdivision ความสัมพันธ์กับต่างประเทศ
Geographic subdivision ไทย
9 (RLIN) 5865
700 1# - ADDED ENTRY--PERSONAL NAME
Personal name ฟู่, เจิงโหย่ว
9 (RLIN) 66347
700 1# - ADDED ENTRY--PERSONAL NAME
Personal name หลี่, เหรินเหลียง
9 (RLIN) 66348
942 ## - ADDED ENTRY ELEMENTS (KOHA)
Source of classification or shelving scheme Library of Congress Classification
Koha item type General Book
996 ## - STAFF PROCESSING RECORDS (NALT)
Staff name jidapa.t
Staff type ACQSTF
Acquisition or Cataloging date 2025-07-22
996 ## - STAFF PROCESSING RECORDS (NALT)
Staff name varee.k
Staff type LIBSTF
Acquisition or Cataloging date 2025-07-23
996 ## - STAFF PROCESSING RECORDS (NALT)
Staff name saiphon.d
Staff type CATSTF
Acquisition or Cataloging date 2025-07-25
998 ## - STAFF NAME (NALT)
-- 104
-- นางสาวสายฝน ดีงาม
รายการที่มีในห้องสมุด
Withdrawn status Lost status Source of classification or shelving scheme Damaged status Not for loan Collection code Home library Current library Shelving location Date acquired Total Checkouts Full call number Barcode Date last seen Price effective from Koha item type
    Library of Congress Classification     General Book collection National Assembly Library of Thailand National Assembly Library of Thailand General Book shelves 22/07/2025   DS 575.5.C6 ห551 2563 3961215483 22/07/2025 22/07/2025 General Book
หอสมุดรัฐสภา
สำนักงานเลขาธิการสภาผู้แทนราษฎร เลขที่ 1111 ถนนสามเสน แขวงถนนนครไชยศรี เขตดุสิต กรุงเทพฯ 10300
The Secretariat of the House of Representatives 1111 Samsen Road, Thanon Nakhon Chai Si, Dusit, Bangkok 10300, THAILAND
โทรศัพท์: +66(0) 2242 5900 ต่อ 5714-5 โทรสาร: +66(0) 2242 5990 อีเมล: [email protected]